00201nam a2200073Ia 4500008004100000082000800041100001300049245006500062240331s9999 xx 000 0 und d bSUM aSumathy, 0aThin veils :bin the shadow of the gun and the wicked witch